| 000 | 01552cam a22003491 4500 | ||
|---|---|---|---|
| 001 | gs 15000338 | ||
| 003 | DLC | ||
| 005 | 20260227111317.0 | ||
| 007 | cr_||||||||||| | ||
| 008 | 720327s1915 dcuabf b f001 0 eng | ||
| 010 | _ags 15000338 | ||
| 035 | _a(OCoLC)271171 | ||
| 040 |
_aDLC _cODaWU _dOCoLC _dNmSoI _dOCoLC _dDLC |
||
| 042 | _apremarc | ||
| 050 | 0 | 0 |
_aTC801 _b.U2 no. 341 |
| 051 |
_aGB1025.G4 _bS8 |
||
| 086 | 0 | _aI 19.13:341 | |
| 100 | 1 |
_aStephenson, Lloyd William, _d1876- |
|
| 245 | 1 | 0 |
_aUnderground waters of the coastal plain of Georgia / _cby L. W. Stephenson and J. O. Veatch ; and a discussion of the quality of the waters by R. B. Dole. |
| 260 |
_aWashington : _bGovt. Print. Off., _c1915. |
||
| 300 |
_a539 p., [16] leaves of plates : _bill., fold. maps ; _c24 cm. |
||
| 440 | 0 |
_aGeological Survey water-supply paper ; _v341 |
|
| 500 | _aPrepared in cooperation with the Geological Survey of Georgia. | ||
| 501 |
_aTC801.U2 no. 341 with: Surface water supply of the Yukon-Tanana region, Alaska / by C.E. Ellsworth and R.W. Davenport. Washington : Govt. Print. Off.,1915. Bound together subsequent to publication. _5DLC |
||
| 504 | _aIncludes bibliographical references and index. | ||
| 530 | _aAlso available in digital form on the Internet Archive Web site. | ||
| 650 | 0 |
_aWater-supply _zGeorgia. |
|
| 700 | 1 |
_aVeatch, J. O. _q(Jethro Otto), _d1883- |
|
| 700 | 1 |
_aDole, Richard B. _q(Richard Bryant), _d1880-1917. |
|
| 710 | 2 | _aGeorgia Geological Survey. | |
| 856 | 4 | 1 | _uhttp://hdl.loc.gov/loc.gdc/scd0001.00297083144 |
| 999 |
_c25502 _d25502 |
||